Cd̤igo de derecho laboral Volumen I: Rǧimen laboral de la actividad privada

Detalles Bibliográficos
Autor principal: Arce Ortiz, Elmer Guillermo
Otros Autores: Neves Mujica, Javier
Formato: eBook
Lenguaje:español
Publicado: Lima : Editorial Palestra, 2011
Materias:
Acceso en línea:Acceso restringido

MARC

LEADER 00000nam a22000007a 4500
005 20120622140120.0
007 cr|||| ||||
008 120622s2011 pe |||||s|||| 00||0 spa d
020 |a 978-612-4047-57-2 
035 |a 6416 
040 |a vLex 
090 |c 3234  |d 3234 
100 1 |a Arce Ortiz, Elmer Guillermo 
245 0 4 |a Cd̤igo de derecho laboral  |h [Recurso electrn̤ico] /  |c Elmer Guillermo Arce Ortiz, Javier Neves Mujica   |n Volumen I:  |p Rǧimen laboral de la actividad privada 
256 |a Servicio en ln̕ea 
260 |a Lima :  |b Editorial Palestra,  |c 2011 
300 |a 1 recurso electrn̤ico 
506 1 |a Contenido solo disponible en los productos indicados  |d vLex Global   |d vLex Global (Academic Edition, excluding Law Schools)   |d vLex Global (U.S. Academic Edition, Law Schools)   |d vLex Global (U.S. Academic Edition, excluding Law Schools)   |d vLex Global (Academic Edition, Law Schools)  
650 |a Derecho del trabajo  |z Per︢ 
700 1 |a Neves Mujica, Javier 
740 0 |a vLex Libros (Servicio en ln̕ea) 
856 4 0 |u http://vlex.com/source/codigo-derecho-laboral-volumen-i-regimen-laboral-actividad-privada-6416  |z Acceso restringido 
942 |c BOOK 
999 0 |a Labor laws and legislation